Sanat - "Väliaikainen" - Statistics

Yleistilastot
  • Tätä visaa on pelattu 15 kertaa
  • Keskiarvotulos 74 / 102
Vastaustilastot
Vastaus % Oikein
Elo
100%
ihmisen
100%
ja
100%
murheineen
100%
on
100%
se
100%
vain
100%
väliaikainen
100%
elomme
91%
huolineen
91%
pettymys
91%
rakkaus
91%
riehuva
91%
riemu
91%
rikkaus
91%
rinnassa
91%
sekä
91%
tosiaan
91%
totta
91%
tuo
91%
kaikki
82%
tämä
82%
vaan
82%
väliaikaista
82%
heili
55%
joka
55%
punerrus
55%
purppura
55%
helyt
45%
huulien
45%
myös
45%
ostattaa
45%
tyttösi
36%
hempeä
27%
kauneus
27%
mi
27%
riemuineen
27%
helkkyvin
18%
Hurma
18%
hymynsä
18%
meillä
18%
mieltäsi
18%
nostattaa
18%
nuoruuden
18%
sinun
18%
viinin
18%
aika
9%
heljimmän
9%
hetki
9%
ilon
9%
kauneimman
9%
kukkasen
9%
kultaisen
9%
Tuoksu
9%
viehkeinkin
0%
Ehtoja vastaavia visoja ei löytynyt
Tulosjakauma
Jokaisen tuloksen saaneiden osuus
Persentiili vastausten määrän mukaan
Tuloshistoriasi
Et ole pelannut tätä visaa